The A to Z of Correct English (E-Book) (Record no. 213181)
[ view plain ]
| 000 -LEADER | |
|---|---|
| fixed length control field | 00425 a2200145 4500 |
| 003 - CONTROL NUMBER IDENTIFIER | |
| control field | Nust |
| 005 - DATE AND TIME OF LATEST TRANSACTION | |
| control field | 20170207165829.0 |
| 040 ## - CATALOGING SOURCE | |
| Transcribing agency | Nust |
| 100 ## - MAIN ENTRY--PERSONAL NAME | |
| Personal name | ANGELA BURT |
| 245 ## - TITLE STATEMENT | |
| Title | The A to Z of Correct English (E-Book) |
| Statement of responsibility, etc. | ANGELA BURT |
| 250 ## - EDITION STATEMENT | |
| Edition statement | 2nd edit ion |
| 260 ## - PUBLICATION, DISTRIBUTION, ETC. | |
| Place of publication, distribution, etc. | Magdalen Road, Oxford OX4 1RE. United Kingdom. |
| Name of publisher, distributor, etc. | How To Books Ltd, 3 Newtec |
| Date of publication, distribution, etc. | Copyright 2002 |
| 300 ## - PHYSICAL DESCRIPTION | |
| Extent | 203p, |
| 651 ## - SUBJECT ADDED ENTRY--GEOGRAPHIC NAME | |
| Geographic name | The A to Z of Correct English E-Book |
| 942 ## - ADDED ENTRY ELEMENTS (KOHA) | |
| Source of classification or shelving scheme | |
| Koha item type | Book |
| Withdrawn status | Lost status | Source of classification or shelving scheme | Damaged status | Not for loan | Collection code | Permanent Location | Current Location | Date acquired | Total Checkouts | Full call number | Barcode | Date last seen | Price effective from | Koha item type |
|---|---|---|---|---|---|---|---|---|---|---|---|---|---|---|
| Military College of Signals (MCS) | Military College of Signals (MCS) | 12/12/2016 | BUR | MCSEB-3242 | 12/08/2016 | 12/12/2016 | Book |
